Datum a čas kvízu
38
Celkem bodů
Celkový počet nahraných bodů na tomto kvízu bez doplňovacích otázek.
5.
Pořadí na kvízu
Konečné umístění týmu na tomto kvízu.
Zaznamenané odpovědi
| # | Otázka | Odpověď | Body | Výsledky |
|---|---|---|---|---|
| 1. | Na politickou scénu se vracejí... | Taťána Malá; spravedlnost | 0.5 | |
| 2. | K půlročnímu vězení odsoudil n... | líbali se | 0 | |
| 3. | V úterý vystoupily v pražské O... | Megadeth; Disturbed | 1 | |
| 4. | Francouzská státní společnost... | croissant | 0 | |
| 5. | V minulém týdnu jsme se v hoke... | Pavel Gross, HC Sparta Praha | 0 | |
| 6. | Rozdělení Římské říše v roce 3... | 476 (Západořímská) a 1453 (Východořímská) | 0.5 | |
| 7. | Ve 14. století Evropu sevřela... | D | 1 | |
| 8. | Adolf Hitler se nepoučil z výs... | 6. armáda, (Friedrich) Paulus | 1 | |
| 9. | Jedním z největších přešlapů m... | Lehman Brothers | 1 | |
| 10. | Jak moc velkou chybou byl či n... | A | 0 |